Handbook of meteorological instruments (Record no. 9824)

MARC details
000 -LEADER
fixed length control field 00432nam a2200145Ia 4500
005 - DATE AND TIME OF LATEST TRANSACTION
control field 20240814115945.0
008 - FIXED-LENGTH DATA ELEMENTS--GENERAL INFORMATION
fixed length control field 240813s9999||||xx |||||||||||||| ||und||
082 ## - DEWEY DECIMAL CLASSIFICATION NUMBER
Classification number 551.653 GRE
100 ## - MAIN ENTRY--PERSONAL NAME
Personal name Air (Ministry of) Meteorological Office, Great Britain
245 #0 - TITLE STATEMENT
Title Handbook of meteorological instruments
260 ## - PUBLICATION, DISTRIBUTION, ETC.
Name of publisher, distributor, etc. London, Her Majesty's Stationary Office
Date of publication, distribution, etc. 1961
300 ## - PHYSICAL DESCRIPTION
Extent 209p
650 ## - SUBJECT ADDED ENTRY--TOPICAL TERM
Topical term or geographic name entry element Earth sciences (Geology)
942 ## - ADDED ENTRY ELEMENTS (KOHA)
Koha item type Book
Holdings
Withdrawn status Lost status Damaged status Not for loan Home library Current library Date acquired Total checkouts Barcode Date last seen Price effective from Koha item type
        Library and Documentation Division NCERT Library and Documentation Division NCERT 08/14/2024   10344 08/14/2024 08/14/2024 Book